Property aristocracy & the raj / (Record no. 156292)

MARC details
000 -LEADER
fixed length control field 00602nam a22001937a 4500
005 - DATE AND TIME OF LATEST TRANSACTION
control field 20180824153435.0
010 ## - LCCN (DPL NO)
LC control number ENG-123860
020 ## - INTERNATIONAL STANDARD BOOK NUMBER
International Standard Book Number 9789380336046
Terms of availability 200.00
035 ## - SYSTEM CONTROL NUMBER
System control number EN-107392
037 ## - SOURCE OF ACQUISITION
Source of stock number/acquisition DBAD/PUB.
082 ## - DEWEY DECIMAL CLASSIFICATION NUMBER
Classification number 954.52
100 ## - MAIN ENTRY--PERSONAL NAME
Personal name Sen, Ranjit
245 ## - TITLE STATEMENT
Title Property aristocracy & the raj /
Statement of responsibility, etc by Ranjit Sen
260 ## - PUBLICATION, DISTRIBUTION, ETC. (IMPRINT)
Place of publication, distribution, etc Kolkata
Name of publisher, distributor, etc Maha Bodhi Book Agency
Date of publication, distribution, etc 2010
270 ## - ADDRESS
Address 4-A, Bankim Chatterjee Street,
City Kolkata
Postal code 700073
300 v# - PHYSICAL DESCRIPTION
Extent xx,150p.
Dimensions 22cm(Hb)
500 ## - GENERAL NOTE
General note It includes conclusion, appendix, bibliography and index
942 ## - ADDED ENTRY ELEMENTS (KOHA)
Source of classification or shelving scheme Dewey Decimal Classification
Item type English Books
Call number suffix SEN
Classification part 954.52
Holdings
Withdrawn status Lost status Not for loan Collection code Home library Current library Date acquired Source of acquisition Cost, normal purchase price Full call number Barcode Copy number Cost, replacement price Koha item type
    Not For Loan Non-fiction D.B.Act.Division Bawana 24/08/2018 DBAD/PUB 200.00 954.52 SEN EN-107392 1 200.00 English Books

© Delhi Public Library
Hit Counter
free hit counter